TH-MS-Characterization of Croton Infecting Begomovirus, Development of Binary Artifical microRNA Construcs and Infections Clone of Tomato leaf curl New Delhi Virus / (Record no. 480842)
[ view plain ]
| 000 -LEADER | |
|---|---|
| fixed length control field | 00668nam a22001937a 4500 |
| 003 - CONTROL NUMBER IDENTIFIER | |
| control field | ASAB |
| 005 - DATE AND TIME OF LATEST TRANSACTION | |
| control field | 20200206123445.0 |
| 008 - FIXED-LENGTH DATA ELEMENTS--GENERAL INFORMATION | |
| fixed length control field | 180510t xxu||||| |||| 00| 0 eng d |
| 038 ## - RECORD CONTENT LICENSOR | |
| Staff Name | Zahoor |
| 040 ## - CATALOGING SOURCE | |
| Transcribing agency | ASAB |
| 082 ## - DEWEY DECIMAL CLASSIFICATION NUMBER | |
| Classification number | 616 |
| 100 ## - MAIN ENTRY--PERSONAL NAME | |
| Personal name | Sidra Anwar-sup-Dr. Muhammad Tahir |
| 9 (RLIN) | 28322 |
| 245 ## - TITLE STATEMENT | |
| Title | TH-MS-Characterization of Croton Infecting Begomovirus, Development of Binary Artifical microRNA Construcs and Infections Clone of Tomato leaf curl New Delhi Virus / |
| Statement of responsibility, etc. | Sidra Anwar |
| 260 ## - PUBLICATION, DISTRIBUTION, ETC. | |
| Place of publication, distribution, etc. | Islamabad |
| Name of publisher, distributor, etc. | ASAB (NCVI) |
| Date of publication, distribution, etc. | 2012 |
| 300 ## - PHYSICAL DESCRIPTION | |
| Extent | xiii, 107 P |
| Other physical details | 30 cm |
| 630 ## - SUBJECT ADDED ENTRY--UNIFORM TITLE | |
| Uniform title | Virology and Immunology |
| 9 (RLIN) | 13894 |
| 700 ## - ADDED ENTRY--PERSONAL NAME | |
| Personal name | Dr. Muhammad Tahir |
| 9 (RLIN) | 19262 |
| 942 ## - ADDED ENTRY ELEMENTS (KOHA) | |
| Source of classification or shelving scheme | |
| Koha item type | Thesis |
| Withdrawn status | Lost status | Source of classification or shelving scheme | Damaged status | Not for loan | Collection code | Permanent Location | Current Location | Date acquired | Total Checkouts | Full call number | Barcode | Date last seen | Price effective from | Koha item type | Shelving location |
|---|---|---|---|---|---|---|---|---|---|---|---|---|---|---|---|
| Atta-ur-Rahman School of Applied Biosciences (ASAB) | Atta-ur-Rahman School of Applied Biosciences (ASAB) | 05/10/2018 | Thesis 2012 SA | ASABms-21-12 | 05/11/2018 | 05/10/2018 | |||||||||
| Central Library (CL) | Central Library (CL) | 02/03/2020 | 616 | CL-T-4905 | 02/03/2020 | 02/03/2020 | Thesis | Thesis | |||||||
| Central Library (CL) | Central Library (CL) | 02/05/2020 | 616 | CL-T-4970 | 02/05/2020 | 02/05/2020 | Thesis | Thesis |
